Southville International School and Colleges
Your cart is empty.
  • Cart
  • Lists
    Public lists Eva Luna New books Lux_list list_1
    Your lists Log in to create your own lists
  • Log in to your account
  • Your cookies
  • Search history
Southville International School and Colleges
  • Advanced search
  • Recent comments
  • Most popular
  • Libraries

Log in to your account

Log in with GOOGLE


If you do not have an external account, but do have a local account, you can still log in:

  1. Home
  2. MARC view: Molecular gastronomy :
Normal view MARC view ISBD view

Molecular gastronomy : (Record no. 357729)

[ view plain ]
MARC details
000 -LEADER
fixed length control field 00687nam a2200241Ia 4500
008 - FIXED-LENGTH DATA ELEMENTS--GENERAL INFORMATION
fixed length control field 180523s9999 xx 000 0 und d
020 ## - INTERNATIONAL STANDARD BOOK NUMBER
International Standard Book Number 978-0-231-13313-5
050 ## - LIBRARY OF CONGRESS CALL NUMBER
Classification number MAIN TX 546
050 ## - LIBRARY OF CONGRESS CALL NUMBER
Item number .T45 2006
100 ## - MAIN ENTRY--PERSONAL NAME
Personal name This, Herve.
245 #0 - TITLE STATEMENT
Title Molecular gastronomy :
245 #0 - TITLE STATEMENT
Remainder of title exploring the science of flavor /
245 #0 - TITLE STATEMENT
Statement of responsibility, etc Herve This; translated by M. B. DeBevoise.
260 ## - PUBLICATION, DISTRIBUTION, ETC. (IMPRINT)
Place of publication, distribution, etc New York :
260 ## - PUBLICATION, DISTRIBUTION, ETC. (IMPRINT)
Name of publisher, distributor, etc Columbia University Press.,
260 ## - PUBLICATION, DISTRIBUTION, ETC. (IMPRINT)
Date of publication, distribution, etc 2005
300 ## - PHYSICAL DESCRIPTION
Extent 373 pages:
300 ## - PHYSICAL DESCRIPTION
Dimensions 20 cm.
500 ## - GENERAL NOTE
General note Includes bibliographical references and index.
650 ## - SUBJECT ADDED ENTRY--TOPICAL TERM
Topical term or geographic name as entry element Food -- Sensory evaluation.
650 ## - SUBJECT ADDED ENTRY--TOPICAL TERM
Topical term or geographic name as entry element Molecular gastronomy.
650 ## - SUBJECT ADDED ENTRY--TOPICAL TERM
General subdivision Flavor.
Holdings
Withdrawn status Lost status Damaged status Home library Current library Shelving location Date acquired Total Checkouts Full call number Barcode Date last seen Price effective from Koha item type
      South Mansfield College South Mansfield College   02/20/2013   MAIN TX 546 .T45 2006 SMC05884 05/23/2018 05/23/2018  

Molecular gastronomy :

APA

This H., .Molecular gastronomy. New York: .

Chicago

This Herve, .Molecular gastronomy. New York: .

Harvard

This H., .Molecular gastronomy. New York: .

MLA

This Herve, .New York: . .

  • Place hold
  • Print
  • Cite
  • Add to your cart (remove)
  • Save record
    BIBTEX Dublin Core MARCXML MARC (non-Unicode/MARC-8) MARC (Unicode/UTF-8) MARC (Unicode/UTF-8, Standard) MODS (XML) RIS
  • More searches
    Search for this title in:
    Other Libraries (WorldCat) Other Databases (Google Scholar) Online Stores (Bookfinder.com) Open Library (openlibrary.org)

Exporting to Dublin Core...

SOUTHVILLE LIBRARY

Southville International School and Colleges Library

1281 Tropical Ave. Cor. Luxembourg St., BF Homes International, Las Pinas City

Tel. No. 8256374 / 252358 Loc. 117/146

Powered by Koha